00520pab a2200157 454500008004000000100001900040245009900059260000900158300001500167362000800182650002200190773001800212909001000230999001700240952010500257180718b2005 xxu||||| |||| 00| 0 eng d aPaul, Darel E. aThe local politics of 'going global': making and unmaking Minneapolis- St Paul as a world city c2005 ap.2103-122 aNov aUrban development aUrban studies a67557 c67557d67557 00104070aIIPAbIIPAd2018-07-19hVolume no: 42, Issue no: 12pAR68013r2018-07-19w2018-07-19yAR